000
00257nam a2200109Ia 4500
008
240731s9999 xx 000 0 und d
245
0
_a
Care Giver
260
_b
Routledge
856
_u
https://www.tandfonline.com/loi/wzcg18
942
_2
ddc
942
_c
TFEJ
999
_c
75777
_d
75777
945
_a
1
_b
Madushi Gamage
_c
1
_d
Madushi Gamage